Aktuelle Modelle von Volkswagen - Statistiken

Allgemein
  • Dieses Quiz wurde 267 mal gespielt
  • Das Durchschnittsergebnis liegt bei 14 aus 25
Antwortstatistiken
Anfangsbuchstabe Antwort % Korrekt
G Golf
98%
G Golf GTI
98%
G Golf R
98%
P Polo
86%
P Polo GTI
86%
P Passat
80%
T Tiguan
76%
T Tiguan R
76%
T Touareg
68%
T Touareg R
68%
U Up
60%
U Up GTI
60%
T Touran
59%
T T-Roc
57%
T T-Roc R
57%
C Caddy
43%
A Amarok
39%
A Arteon
38%
T T-Cross
38%
S Sharan
36%
I ID.3
35%
I ID.4
34%
B Bus
26%
C Crafter
20%
N Nivus
4%
Keine übereinstimmenden Quizze gefunden
Verteilung der Resultate
Anzahl Personen mit jedem Resultat
Perzentil nach korrekt beantworteten Fragen
Ihre Resultats-Entwicklung
Sie haben dieses Quiz noch nicht gespielt